000 01749cam a2200157 4500500
005 20260208010237.0
041 _afre
042 _adc
100 1 0 _aTaguieff, Pierre-André
_eauthor
245 0 0 _aRacisme aryaniste, socialisme et eugénisme chez Georges Vacher de Lapouge (1854-1936)
260 _c2005.
500 _a66
520 _aFrom the end of 1880 to 1900 Georges Vacher de Lapouge proved himself to be the true founding father of Social Sciences or “Political Sciences”. His theoretical project was to study the interaction between biological and social in order to explain the evolution of societies according to hereditary mechanisms and selection. His social evolutionism including “Racial theory”, “Anthroposociology” or “Selectionism” proved to be an imaginary science, accepted as such by most of his contemporaries, at least in France. At the same time, Lapouge was also a political “revolutionary” activist engaged in the social movement. He also was, until his death in 1936, a theoretician and propagandist of eugenics, which he believed to be the true social reform. Lapouge the eugenicist had a great number of followers only in the United States and in Germany. His personality (that of a racist aryanist, a socialist and eugenicist) will be remembered as a French historical and intellectual figure of the end of the 19th century and the first quarter of the 20th century, as well as in relation to the history of cultural interchanges between France, Germany, England and the United States.
786 0 _nRevue d’Histoire de la Shoah | 183 | 2 | 2005-10-19 | p. 69-134 | 2111-885X
856 4 1 _uhttps://shs.cairn.info/revue-d-histoire-de-la-shoah-2005-2-page-69?lang=fr&redirect-ssocas=7080
999 _c1655712
_d1655712